المرجعية في ضوء السياسة الشرعية

Bibliographic Details
Main Author: زيدي، طه احمد (Author)
Format: Book
Language:Arabic
Published: عمان : دار النفائس 2014
Edition:الطبعة 1
Subjects:

MARC

LEADER 00000cam a2200000 7i4500
001 0000092425
005 20200513093000.0
008 170607s2014 jo ara
020 |a 9789957801656 
020 |a 9957801651 
040 |a UniSZA   |e rda 
050 0 0 |a BP165.7   |b .Z39 2014 
090 0 0 |a BP165.7   |b .Z39 2014 
100 1 |a زيدي، طه احمد ,   |e author 
241 1 3 |a al-Marji'iyah fi daw' al-siyasah al-shar'iyah 
245 1 2 |a المرجعية في ضوء السياسة الشرعية   |c د. طه أحمد الزيدي 
250 |a الطبعة 1 
264 1 |a عمان :   |b دار النفائس   |c 2014 
300 |a 288 pages :   |b illustration ;   |c 25 cm. 
336 |a text  |2 rdacontent 
337 |a unmediated  |2 rdamedia 
338 |a volume  |2 rdacarrier 
504 |a Includes bibliographical references (pages 275-285) and index 
650 0 |a Authority   |x Religious aspects   |x Islam 
650 0 |a Islam and state 
650 0 |a Leadership   |x Religious aspects   |x Islam 
999 |a 1000168904   |b Book   |c OPEN SHELF (30 DAYS)   |e Gong Badak Campus